Estadísticas para Geografía Mediterránea en un Mapa

Haz click aquí para tomar la prueba!

Estadísticas generales

  • Esta prueba ha sido tomada 2.554 veces
  • La puntuación promedio es 22 de 35

Respuestas en el mapa

Las respuestas están codificadas por una escala verde-roja en el mapa de la prueba según el % correcto abajo.
 

Estadísticas de respuestas

GroupRespuesta% Correcto
islasChipre
94%
ciudadesBarcelona
92%
islasSicilia
90%
ciudadesAtenas
89%
territoriosGibraltar
88%
ríosNilo
86%
islasCerdeña
83%
islasCórcega
82%
territoriosCeuta
81%
territoriosMelilla
80%
ciudadesNápoles
79%
ciudadesTúnez
79%
maresAdriático
78%
islasMallorca
77%
maresBalear
76%
islasIbiza
75%
islasMenorca
75%
ciudadesVenecia
74%
islasCreta
70%
ciudadesAlejandría
67%
maresEgeo
67%
ciudadesTrípoli
67%
ríosPo
58%
ciudadesTel Aviv
53%
costasCosta Brava
52%
territoriosFranja de Gaza
51%
costasCosta Azul
50%
costasCosta del Sol
46%
maresTirreno
41%
maresJónico
34%
islasRodas
33%
ríosRódano
30%
costasDálmata
22%
costasRiviera Italiana
15%
islasKrk
11%

Distribución de puntuación

Porcentaje por número respondido

Porcentaje de gente con cada puntuación

Historial de tus puntuaciones

No has tomado esta prueba